All US presidents by picture - Statistics

General Stats
  • This quiz has been taken 187 times
  • The average score is 32 of 46
Answer Stats
Picture Answer % Correct
George W Bush
93%
Barack Obama
92%
George H W Bush
92%
Jimmy Carter
87%
Thomas Jefferson
87%
Franklin Roosevelt
84%
John F Kennedy
84%
Woodrow Wilson
84%
Joe Biden
83%
Theodore Roosevelt
83%
Abraham Lincoln
82%
Dwight Eisenhower
82%
George Washington
82%
Bill Clinton
80%
Donald Trump
78%
Lyndon Johnson
77%
James Monroe
76%
Ronald Reagan
76%
Andrew Johnson
75%
Gerald Ford
75%
John Quincy Adams
75%
John Adams
74%
William Taft
73%
Herbert Hoover
72%
James Madison
72%
Harry Truman
71%
Richard Nixon
70%
Warren Harding
67%
John Tyler
66%
William Henry Harrison
66%
Andrew Jackson
65%
Martin Van Buren
65%
Millard Fillmore
65%
William Mckinley
64%
Benjamin Harrison
63%
Grover Cleveland
63%
Grover Cleveland
63%
James Garfield
60%
Zachary Taylor
60%
Calvin Coolidge
59%
James Buchanan
58%
Franklin Pierce
56%
James Polk
32%
Ulysses Grant
32%
Rutherford Hayes
30%
Chester Arthur
29%
No matching quizzes found
Score Distribution
Percent of People with Each Score
Percentile by Number Answered
Your Score History
You have not taken this quiz